Drevo v stavebníctve 2004 zborník referátov zo sprievodného podujatia medzinárodnej výstavy stavebníctva : 29. 4. 2004 Výstavisko Forarch Banská Bystrica

Bibliographic Details
Other Authors: Štefko, Jozef, 1962- (Compiler)
Format: Book
Language:Slovak
PhysicalDescription:68 s. grafy, fotogr., ilustr., sch., tab. 30 cm
Published: Vo Zvolene Technická univerzita [2004]
ISBN:8022813257
Edition:[1. vyd.]
Subjects:

MARC

LEADER 00000cam a2200000 a 4500
001 vtls001478083
003 SK-MaSNL
005 20260301073932.0
008 240226s2004 xo a 000 0 slo
015 |a SNBA2004/11-06253 
020 |a 8022813257 
035 |a SNK000433383 
035 |a urn:nbn:sk:snk-amybe4 
035 |a urn:nbn:sk:snk-am00c7vg 
035 |a F50304F1-B6D0-46F0-8AA1-FB894E9A66FC 
040 |a SNK  |b slo  |c SNK  |e AACR2 
041 0 |a slo 
044 |a xo  |c SK 
072 7 |a 624  |2 konspekt 
080 |a 674.03  |2 1981 
080 |a 694.1  |2 1981 
080 |a 624.011.1  |2 1981 
080 |a (063)  |2 1981 
080 |a 674.03  |x (063)  |2 1997 
080 |a 694.1  |2 1997 
080 |a 624.011.1  |2 1997 
245 0 0 |a Drevo v stavebníctve 2004  |b zborník referátov zo sprievodného podujatia medzinárodnej výstavy stavebníctva : 29. 4. 2004 Výstavisko Forarch Banská Bystrica  |c [zostavil: Jozef Štefko] 
250 |a [1. vyd.] 
260 |a Vo Zvolene  |b Technická univerzita  |c [2004] 
300 |a 68 s.  |b grafy, fotogr., ilustr., sch., tab.  |c 30 cm 
366 |e 60 výt. 
500 |a Názov z obalu 
504 |a Bibliogr. odkazy 
650 0 7 |a drevo  |2 SNKPH  |9 3560 
650 0 7 |a drevené stavby  |2 SNKPH  |9 2987 
650 0 7 |a drevené konštrukcie  |2 SNKPH  |9 3694 
650 0 7 |a stavebné drevo  |2 SNKPH  |9 106238 
655 7 |a zborníky konferencií  |2 SNKPH  |9 70153 
700 1 |a Štefko, Jozef,  |d 1962-  |4 com  |9 224099 
919 |a 80-228-1325-7 
958 |a NB 
958 |a OND 
958 |a ART 
968 |d 66/69 
999 |c 645656  |d 647586 
952 |t P60, <03>, [BOOK], {603}, -B-  |a SNK  |b SNK  |y PREZ  |7 0  |p 17A0435830  |o snkSB 68845  |i snkKSP 8984/2004  |0 0  |1 0  |4 0  |d 2004-07-09  |f 1  |l 0  |r 2025-04-23 00:00:00  |w 2026-02-23 
952 |t P60, <04>, [BOOK], {604}  |a SNK  |b SNK  |y VYP  |7 0  |p 17A0435827  |o snkSB 68845 D1  |i snkKSP 8985/2004  |0 0  |1 0  |4 0  |d 2004-07-09  |l 0  |r 2005-01-02 00:00:00  |w 2026-02-23